Philosophy of nature /

Bibliographic Details
Main Author: Maritain, Jacques, 1882-1973
Other Authors: Simon, Yves, 1903-1961
Format: Book
Language:English
Published: New York : Philosophical Library, [1951]
Subjects:

MARC

Tag First Indicator Second Indicator Subfields
LEADER 00000cam a2200000 4500
001 in00000061929
005 20151008051104.0
008 740620s1951 eng u
010 |a  51012847  
035 |a (OCoLC)00925040 
035 |9 AAG5639AM 
040 |c BSC  |d TXA  |d UtOrBLW 
049 |a TXAM  |c [200067] 
050 0 |a BD581  |b .M313 
092 |a 113  |b M342p 
100 1 |a Maritain, Jacques,  |d 1882-1973. 
245 1 0 |a Philosophy of nature /  |c [Translated from the French by Imelda C. Byrne]. 
264 1 |a New York :  |b Philosophical Library,  |c [1951] 
264 4 |c [©1951] 
300 |a x, 198 pages :  |b illustrations ;  |c 23 cm. 
336 |a text  |b txt  |2 rdacontent 
337 |a unmediated  |b n  |2 rdamedia 
338 |a volume  |b nc  |2 rdacarrier 
500 |a "To which is added Maritain's philosophy of the sciences, by Yves R. Simon." 
504 |a "Selected bibliography prepared by Donald A. Gallagher": pages 183-190. 
650 0 |a Philosophy of nature. 
700 1 |a Simon, Yves,  |d 1903-1961.  |t Maritain's philosophy of the sciences. 
999 |a MARS 
999 f f |s eb1dd1dc-0db1-3743-a2cd-be3efda7709e  |i ebfa4cee-eecc-3ca7-83d8-a11b694f64d1  |t 0 
952 f f |p ric  |a Texas A&M University  |b Rellis Campus  |c Joint Library Facility  |d Remote Storage  |t 0  |e BD581 .M313  |h Library of Congress classification  |i unmediated -- volume  |m A14800507156 
998 f f |a BD581 .M313  |t 0  |l Remote Storage